[Event "Turniej Blitza na II Lidze Juniorów 2018"]
[Site "Szczyrk, Poland"]
[Date "????.??.??"]
[Round "7.34"]
[White "Partyka, Pawel"]
[Black "Laszczuk, Zuzanna"]
[Result "1-0"]
[TimeControl "3'+2\""]
[WhiteElo "1772"]
[BlackElo "1368"]

1. c4 {[%clk 00:03:03]} {[%emt 00:01:05]} e5 {[%clk 00:03:01]} {[%emt
00:00:04]} 2. Nc3 {[%clk 00:03:04]} {[%emt 00:00:01]} Nf6 {[%clk 00:03:02]}
{[%emt 00:00:01]} 3. g3 {[%clk 00:03:05]} {[%emt 00:00:01]} c6 {[%clk
00:03:01]} {[%emt 00:00:03]} 4. Bg2 {[%clk 00:03:05]} {[%emt 00:00:02]} d5
{[%clk 00:02:57]} {[%emt 00:00:06]} 5. cxd5 {[%clk 00:03:05]} {[%emt 00:00:03]}
cxd5 {[%clk 00:02:57]} {[%emt 00:00:01]} 6. d4 {[%clk 00:03:06]} e4 {[%clk
00:02:58]} {[%emt 00:00:01]} 7. Bf4 {[%clk 00:03:03]} {[%emt 00:00:05]} Nc6
{[%clk 00:02:58]} {[%emt 00:00:02]} 8. Qb3 {[%clk 00:02:59]} {[%emt 00:00:05]}
Qa5 {[%clk 00:02:42]} {[%emt 00:00:19]} 9. O-O-O {[%clk 00:02:46]} {[%emt
00:00:15]} Bb4 {[%clk 00:02:39]} {[%emt 00:00:06]} 10. Na4 {[%clk 00:02:30]}
{[%emt 00:00:18]} Nd7 {[%clk 00:02:21]} {[%emt 00:00:19]} 11. Bh3 {[%clk
00:02:18]} {[%emt 00:00:14]} Nb6 {[%clk 00:01:46]} {[%emt 00:00:36]} 12. Nxb6
{[%clk 00:02:02]} {[%emt 00:00:18]} axb6 {[%clk 00:01:47]} {[%emt 00:00:02]} 13.
Bxc8 {[%clk 00:01:51]} {[%emt 00:00:12]} Rxc8 {[%clk 00:01:48]} {[%emt
00:00:02]} 14. Kb1 {[%clk 00:01:51]} {[%emt 00:00:02]} Qb5 {[%clk 00:01:32]}
{[%emt 00:00:18]} 15. f3 {[%clk 00:01:26]} {[%emt 00:00:27]} exf3 {[%clk
00:01:30]} {[%emt 00:00:04]} 16. exf3 {[%clk 00:01:23]} {[%emt 00:00:04]} Qc4
{[%clk 00:01:29]} {[%emt 00:00:04]} 17. Qxc4 {[%clk 00:01:17]} {[%emt
00:00:08]} dxc4 {[%clk 00:01:29]} {[%emt 00:00:02]} 18. a3 {[%clk 00:01:17]}
{[%emt 00:00:02]} Be7 {[%clk 00:01:30]} {[%emt 00:00:01]} 19. d5 {[%clk
00:01:15]} {[%emt 00:00:04]} Na7 {[%clk 00:01:26]} {[%emt 00:00:06]} 20. d6
{[%clk 00:01:13]} {[%emt 00:00:05]} Bd8 {[%clk 00:01:07]} {[%emt 00:00:20]} 21.
d7+ {[%clk 00:01:13]} {[%emt 00:00:02]} Kf8 {[%clk 00:01:07]} {[%emt 00:00:02]}
22. dxc8=Q {[%clk 00:01:11]} {[%emt 00:00:05]} Nxc8 {[%clk 00:01:07]} {[%emt
00:00:01]} 23. Rxd8+ {[%clk 00:01:11]} {[%emt 00:00:02]} Ke7 {[%clk 00:01:07]}
{[%emt 00:00:02]} 24. Rxh8 {[%clk 00:01:12]} {[%emt 00:00:02]} 1-0

[Event "Turniej Blitza na II Lidze Juniorów 2018"]
[Site "Szczyrk, Poland"]
[Date "????.??.??"]
[Round "7.16"]
[White "Musial, Tomasz"]
[Black "Tadych, Szymon"]
[Result "1-0"]
[TimeControl "3'+2\""]
[WhiteElo "1833"]
[BlackElo "1437"]

1. e4 {[%clk 00:03:03]} {[%emt 00:00:01]} e5 {[%clk 00:03:02]} {[%emt
00:00:02]} 2. Nf3 {[%clk 00:03:04]} {[%emt 00:00:02]} Nf6 {[%clk 00:03:03]}
{[%emt 00:00:01]} 3. Nc3 {[%clk 00:03:04]} {[%emt 00:00:02]} Nc6 {[%clk
00:03:03]} {[%emt 00:00:01]} 4. d4 {[%clk 00:03:04]} {[%emt 00:00:02]} exd4
{[%clk 00:03:04]} {[%emt 00:00:01]} 5. Nd5 {[%clk 00:03:05]} Nxd5 {[%clk
00:03:00]} {[%emt 00:00:05]} 6. exd5 {[%clk 00:03:06]} {[%emt 00:00:02]} Ne7
{[%clk 00:03:01]} {[%emt 00:00:01]} 7. Qxd4 {[%clk 00:03:05]} {[%emt 00:00:03]}
Ng6 {[%clk 00:03:01]} 8. Bc4 {[%clk 00:02:54]} {[%emt 00:00:13]} d6 {[%clk
00:03:01]} {[%emt 00:00:02]} 9. O-O {[%clk 00:02:54]} {[%emt 00:00:03]} Be7
{[%clk 00:02:39]} {[%emt 00:00:24]} 10. Qxg7 {[%clk 00:02:45]} {[%emt
00:00:11]} Bf6 {[%clk 00:02:39]} {[%emt 00:00:02]} 11. Re1+ {[%clk 00:02:41]}
{[%emt 00:00:06]} Kd7 {[%clk 00:02:36]} {[%emt 00:00:05]} 12. Qxf7+ {[%clk
00:02:40]} {[%emt 00:00:03]} Ne7 {[%clk 00:02:33]} {[%emt 00:00:05]} 13. Qxf6
{[%clk 00:02:38]} {[%emt 00:00:05]} Rf8 {[%clk 00:02:32]} {[%emt 00:00:02]} 14.
Qe6+ {[%clk 00:02:26]} {[%emt 00:00:14]} Ke8 {[%clk 00:02:33]} 15. Qh6 {[%clk
00:02:12]} {[%emt 00:00:15]} Bf5 {[%clk 00:02:31]} {[%emt 00:00:04]} 16. Bg5
{[%clk 00:02:09]} {[%emt 00:00:05]} Rf7 {[%clk 00:02:30]} {[%emt 00:00:03]} 17.
Bxe7 {[%clk 00:01:48]} {[%emt 00:00:24]} Rxe7 {[%clk 00:02:31]} {[%emt
00:00:01]} 18. Rxe7+ {[%clk 00:01:48]} {[%emt 00:00:02]} Kxe7 {[%clk 00:02:28]}
{[%emt 00:00:05]} 19. Qg7+ {[%clk 00:01:45]} {[%emt 00:00:05]} Ke8 {[%clk
00:02:27]} {[%emt 00:00:03]} 20. Re1+ {[%clk 00:01:46]} {[%emt 00:00:02]} Be4
{[%clk 00:02:27]} {[%emt 00:00:01]} 21. Rxe4+ {[%clk 00:01:46]} {[%emt
00:00:02]} Qe7 {[%clk 00:02:26]} {[%emt 00:00:03]} 22. Qxe7# {[%emt 00:00:02]}
1-0

[Event "Turniej Blitza na II Lidze Juniorów 2018"]
[Site "Szczyrk, Poland"]
[Date "????.??.??"]
[Round "7.25"]
[White "Wolaniecki, Patryk"]
[Black "Niedbala, Bartlomiej"]
[Result "0-1"]
[TimeControl "3'+2\""]
[WhiteElo "1512"]
[BlackElo "1961"]

1. e4 {[%clk 00:03:03]} c5 {[%clk 00:03:04]} {[%emt 00:00:01]} 2. Nf3 {[%clk
00:03:04]} d6 {[%clk 00:03:05]} 3. c3 {[%clk 00:03:05]} {[%emt 00:00:01]} Nf6
{[%clk 00:03:05]} {[%emt 00:00:02]} 4. Be2 {[%clk 00:03:06]} {[%emt 00:00:02]}
Nc6 {[%clk 00:03:06]} 5. d4 {[%clk 00:03:07]} cxd4 {[%clk 00:03:07]} {[%emt
00:00:01]} 6. cxd4 {[%clk 00:03:09]} d5 {[%clk 00:03:08]} 7. e5 {[%clk
00:03:09]} {[%emt 00:00:02]} Ne4 {[%clk 00:03:09]} 8. O-O {[%clk 00:03:05]}
{[%emt 00:00:07]} Bf5 {[%clk 00:02:54]} {[%emt 00:00:17]} 9. Nbd2 {[%clk
00:03:03]} {[%emt 00:00:04]} e6 {[%clk 00:02:54]} {[%emt 00:00:03]} 10. Nxe4
{[%clk 00:03:01]} {[%emt 00:00:04]} dxe4 {[%clk 00:02:53]} {[%emt 00:00:02]} 11.
Nh4 {[%clk 00:02:58]} {[%emt 00:00:04]} Qxd4 {[%clk 00:02:51]} {[%emt
00:00:05]} 12. Nxf5 {[%clk 00:02:56]} {[%emt 00:00:04]} exf5 {[%clk 00:02:51]}
{[%emt 00:00:02]} 13. Qxd4 {[%clk 00:02:57]} Nxd4 {[%clk 00:02:52]} {[%emt
00:00:01]} 14. Bc4 {[%clk 00:02:53]} {[%emt 00:00:06]} b5 {[%clk 00:02:37]}
{[%emt 00:00:16]} 15. Bb3 {[%clk 00:02:49]} {[%emt 00:00:07]} Bc5 {[%clk
00:02:29]} {[%emt 00:00:10]} 16. Be3 {[%clk 00:02:48]} {[%emt 00:00:04]} Nxb3
{[%clk 00:02:29]} {[%emt 00:00:01]} 17. axb3 {[%clk 00:02:49]} Bxe3 {[%clk
00:02:24]} {[%emt 00:00:07]} 18. fxe3 {[%clk 00:02:50]} {[%emt 00:00:01]} g6
{[%clk 00:02:23]} {[%emt 00:00:03]} 19. Ra5 {[%clk 00:02:51]} Ke7 {[%clk
00:02:17]} {[%emt 00:00:08]} 20. Rxb5 {[%clk 00:02:51]} {[%emt 00:00:02]} Rhb8
{[%clk 00:02:18]} 21. Rc5 {[%clk 00:02:46]} {[%emt 00:00:07]} Rxb3 {[%clk
00:02:14]} {[%emt 00:00:05]} 22. Rc7+ {[%clk 00:02:48]} {[%emt 00:00:01]} Ke6
{[%clk 00:01:43]} {[%emt 00:00:34]} 23. Rfc1 {[%clk 00:02:45]} {[%emt
00:00:05]} Rxe3 {[%clk 00:01:38]} {[%emt 00:00:06]} 24. Kf2 {[%clk 00:02:34]}
{[%emt 00:00:13]} Rb3 {[%clk 00:01:37]} {[%emt 00:00:03]} 25. R1c6+ {[%clk
00:02:32]} {[%emt 00:00:04]} Kxe5 {[%clk 00:01:30]} {[%emt 00:00:08]} 26. Re7+
{[%clk 00:02:31]} {[%emt 00:00:03]} Kf4 {[%clk 00:01:24]} {[%emt 00:00:09]} 27.
Rc2 {[%clk 00:02:27]} {[%emt 00:00:06]} Rab8 {[%clk 00:01:25]} 28. Rxa7 {[%clk
00:02:24]} {[%emt 00:00:05]} Rxb2 {[%clk 00:01:26]} {[%emt 00:00:01]} 29. Ra2
{[%clk 00:02:22]} {[%emt 00:00:04]} Rxa2 {[%clk 00:01:21]} {[%emt 00:00:07]} 30.
Rxa2 {[%clk 00:02:23]} Rb7 {[%clk 00:01:18]} {[%emt 00:00:06]} 31. g3+ {[%clk
00:02:24]} {[%emt 00:00:01]} Kg5 {[%clk 00:01:19]} 32. Rc2 {[%clk 00:02:22]}
{[%emt 00:00:04]} h5 {[%clk 00:01:18]} {[%emt 00:00:02]} 33. h4+ {[%clk
00:02:23]} {[%emt 00:00:01]} Kg4 {[%clk 00:01:16]} {[%emt 00:00:04]} 34. Rc3
{[%clk 00:02:15]} {[%emt 00:00:10]} Rb2+ {[%clk 00:01:16]} {[%emt 00:00:03]} 35.
Kg1 {[%clk 00:02:16]} f6 {[%clk 00:01:16]} {[%emt 00:00:02]} 36. Kh1 {[%clk
00:02:10]} {[%emt 00:00:08]} g5 {[%clk 00:01:17]} {[%emt 00:00:01]} 37. hxg5
{[%clk 00:02:09]} {[%emt 00:00:03]} fxg5 {[%emt 00:00:01]} 38. Kg1 f4 {[%clk
00:01:15]} {[%emt 00:00:04]} 39. gxf4 gxf4 {[%clk 00:01:16]} 40. Rc1 {[%clk
00:02:11]} {[%emt 00:00:02]} h4 {[%clk 00:01:16]} {[%emt 00:00:02]} 41. Kh1
{[%clk 00:02:12]} f3 {[%clk 00:01:14]} {[%emt 00:00:05]} 42. Kg1 {[%clk
00:02:11]} {[%emt 00:00:03]} h3 {[%clk 00:01:14]} {[%emt 00:00:01]} 43. Ra1
{[%clk 00:02:05]} {[%emt 00:00:09]} Kg3 {[%clk 00:01:12]} {[%emt 00:00:03]} 44.
Rc1 {[%clk 00:02:05]} {[%emt 00:00:03]} e3 {[%clk 00:01:10]} {[%emt 00:00:04]}
45. Ra1 {[%clk 00:02:00]} {[%emt 00:00:08]} f2+ {[%clk 00:01:08]} {[%emt
00:00:03]} 46. Kh1 {[%clk 00:02:01]} {[%emt 00:00:01]} Kf3 {[%clk 00:01:03]}
{[%emt 00:00:07]} 47. Rc1 {[%clk 00:01:45]} {[%emt 00:00:19]} Ke2 {[%clk
00:00:57]} {[%emt 00:00:06]} 48. Kh2 {[%clk 00:01:21]} {[%emt 00:00:27]} f1=Q
{[%clk 00:00:48]} {[%emt 00:00:10]} 49. Rxf1 {[%clk 00:01:21]} {[%emt
00:00:03]} Kxf1+ {[%clk 00:00:48]} {[%emt 00:00:01]} 50. Kh1 {[%clk 00:01:22]}
{[%emt 00:00:01]} e2 {[%clk 00:00:45]} {[%emt 00:00:05]} 51. Kh2 {[%clk
00:01:24]} e1=Q+ {[%clk 00:00:43]} {[%emt 00:00:04]} 52. Kh1 {[%clk 00:01:25]}
{[%emt 00:00:01]} Qe4 {[%clk 00:00:42]} {[%emt 00:00:02]} 0-1

[Event "Turniej Blitza na II Lidze Juniorów 2018"]
[Site "Szczyrk, Poland"]
[Date "????.??.??"]
[Round "7.23"]
[White "Pedrak, Paulina"]
[Black "Wojtasik, Szymon"]
[Result "0-1"]
[TimeControl "3'+2\""]
[WhiteElo "1596"]
[BlackElo "1323"]

1. e4 {[%clk 00:03:03]} {[%emt 00:00:47]} c5 {[%clk 00:03:04]} {[%emt
00:00:01]} 2. Nf3 {[%emt 00:00:02]} Nc6 3. d4 {[%clk 00:03:04]} {[%emt
00:00:01]} cxd4 {[%clk 00:03:07]} {[%emt 00:00:01]} 4. Nxd4 {[%emt 00:00:01]}
g6 5. c4 {[%clk 00:03:00]} {[%emt 00:00:05]} Nf6 {[%clk 00:03:10]} 6. Nc3
{[%clk 00:03:01]} {[%emt 00:00:01]} d6 {[%clk 00:03:10]} {[%emt 00:00:02]} 7.
Be2 {[%clk 00:02:54]} {[%emt 00:00:08]} Nxd4 {[%clk 00:03:12]} {[%emt
00:00:02]} 8. Qxd4 {[%clk 00:02:54]} {[%emt 00:00:01]} Bg7 {[%clk 00:03:13]}
{[%emt 00:00:01]} 9. Qd1 {[%clk 00:02:41]} {[%emt 00:00:15]} O-O {[%clk
00:03:09]} {[%emt 00:00:06]} 10. Be3 {[%clk 00:02:31]} {[%emt 00:00:11]} a5
{[%clk 00:03:04]} {[%emt 00:00:08]} 11. Qc2 {[%clk 00:02:18]} {[%emt 00:00:14]}
Bd7 {[%clk 00:02:51]} {[%emt 00:00:16]} 12. Rc1 {[%clk 00:01:53]} {[%emt
00:00:26]} a4 {[%clk 00:02:49]} {[%emt 00:00:05]} 13. O-O {[%clk 00:01:43]}
{[%emt 00:00:12]} Qa5 {[%clk 00:02:48]} {[%emt 00:00:03]} 14. Nd5 {[%clk
00:01:24]} {[%emt 00:00:20]} Nxd5 {[%clk 00:02:38]} {[%emt 00:00:13]} 15. cxd5
{[%clk 00:01:09]} {[%emt 00:00:18]} Rfc8 {[%clk 00:02:30]} {[%emt 00:00:09]} 16.
Qb1 {[%clk 00:01:04]} {[%emt 00:00:07]} a3 {[%clk 00:02:17]} {[%emt 00:00:16]}
17. b3 {[%clk 00:00:59]} {[%emt 00:00:06]} Bb2 {[%clk 00:02:12]} {[%emt
00:00:07]} 18. Rc2 {[%clk 00:00:55]} {[%emt 00:00:05]} Rxc2 {[%clk 00:02:13]}
{[%emt 00:00:03]} 19. Qxc2 {[%clk 00:00:53]} {[%emt 00:00:03]} Rc8 {[%clk
00:02:14]} 20. Qd3 {[%clk 00:00:45]} {[%emt 00:00:09]} b5 {[%clk 00:01:28]}
{[%emt 00:00:50]} 21. h3 {[%clk 00:00:43]} {[%emt 00:00:04]} Qc3 {[%clk
00:00:31]} {[%emt 00:00:59]} 22. Rd1 {[%clk 00:00:32]} {[%emt 00:00:12]} Qxd3
{[%clk 00:00:09]} {[%emt 00:00:25]} 23. Bxd3 {[%clk 00:00:34]} {[%emt
00:00:01]} b4 {[%clk 00:00:10]} 24. Bc4 {[%clk 00:00:34]} {[%emt 00:00:01]} f5
{[%clk 00:00:09]} {[%emt 00:00:03]} 25. f3 {[%clk 00:00:33]} {[%emt 00:00:03]}
fxe4 {[%clk 00:00:10]} {[%emt 00:00:01]} 26. fxe4 {[%emt 00:00:02]} Rf8 27. Bb6
{[%clk 00:00:31]} {[%emt 00:00:05]} Bc8 {[%clk 00:00:11]} {[%emt 00:00:02]} 28.
Ba5 {[%clk 00:00:30]} {[%emt 00:00:02]} Bc3 {[%clk 00:00:12]} {[%emt 00:00:01]}
29. Rd3 {[%clk 00:00:19]} {[%emt 00:00:14]} Bd7 {[%clk 00:00:09]} {[%emt
00:00:04]} 30. Bb6 {[%clk 00:00:18]} {[%emt 00:00:04]} Kg7 {[%clk 00:00:07]}
{[%emt 00:00:04]} 31. Bd4+ {[%clk 00:00:17]} {[%emt 00:00:03]} Bxd4+ {[%clk
00:00:08]} {[%emt 00:00:01]} 32. Rxd4 {[%clk 00:00:18]} Rf4 {[%clk 00:00:07]}
{[%emt 00:00:03]} 33. Ba6 {[%clk 00:00:18]} {[%emt 00:00:02]} Bf5 {[%clk
00:00:06]} {[%emt 00:00:04]} 34. Rxb4 {[%clk 00:00:17]} {[%emt 00:00:03]} Rxe4
35. Rxe4 {[%clk 00:00:17]} {[%emt 00:00:03]} Bxe4 {[%clk 00:00:08]} 36. Bb7
{[%clk 00:00:18]} Kf6 {[%clk 00:00:09]} {[%emt 00:00:01]} 37. Kf2 {[%clk
00:00:10]} {[%emt 00:00:09]} Ke5 {[%clk 00:00:11]} 38. Ke3 {[%clk 00:00:11]}
{[%emt 00:00:01]} Bxd5 {[%clk 00:00:12]} 39. Bxd5 {[%clk 00:00:12]} Kxd5 {[%clk
00:00:13]} {[%emt 00:00:01]} 40. Kd3 {[%clk 00:00:13]} Kc5 {[%emt 00:00:02]} 41.
Kc3 {[%clk 00:00:14]} e5 {[%clk 00:00:12]} {[%emt 00:00:04]} 42. b4+ {[%clk
00:00:15]} Kb5 {[%clk 00:00:13]} {[%emt 00:00:01]} 43. Kd3 {[%clk 00:00:10]}
{[%emt 00:00:07]} d5 {[%clk 00:03:02]} {[%emt 00:00:07]} 0-1

[Event "Turniej Blitza na II Lidze Juniorów 2018"]
[Site "Szczyrk, Poland"]
[Date "????.??.??"]
[Round "7.30"]
[White "Madajczak, Piotr"]
[Black "Owoc, Jakub"]
[Result "0-1"]
[TimeControl "3'+2\""]
[WhiteElo "1380"]
[BlackElo "1556"]

1. f4 {[%clk 00:03:03]} d5 {[%clk 00:03:02]} {[%emt 00:00:03]} 2. Nf3 {[%clk
00:03:04]} c5 {[%clk 00:03:02]} {[%emt 00:00:03]} 3. g3 {[%clk 00:03:06]} Nc6
{[%clk 00:03:03]} {[%emt 00:00:02]} 4. Bg2 {[%clk 00:03:07]} Bg4 {[%clk
00:03:03]} 5. O-O {[%clk 00:03:07]} {[%emt 00:00:02]} e6 {[%clk 00:03:04]} 6.
d3 {[%clk 00:03:07]} {[%emt 00:00:03]} Nf6 {[%clk 00:03:05]} {[%emt 00:00:01]}
7. h3 {[%clk 00:03:08]} {[%emt 00:00:01]} Bxf3 {[%clk 00:03:05]} {[%emt
00:00:02]} 8. Bxf3 {[%clk 00:03:09]} Bd6 {[%clk 00:03:06]} {[%emt 00:00:01]} 9.
c3 {[%clk 00:03:07]} {[%emt 00:00:04]} O-O {[%clk 00:03:06]} {[%emt 00:00:02]}
10. e4 {[%clk 00:03:08]} {[%emt 00:00:01]} dxe4 {[%clk 00:03:07]} {[%emt
00:00:01]} 11. dxe4 {[%clk 00:03:09]} {[%emt 00:00:01]} e5 {[%clk 00:03:07]}
{[%emt 00:00:02]} 12. f5 {[%clk 00:03:10]} {[%emt 00:00:01]} Bc7 {[%clk
00:03:02]} {[%emt 00:00:07]} 13. Be3 {[%clk 00:03:01]} {[%emt 00:00:11]} Bb6
{[%clk 00:03:02]} {[%emt 00:00:02]} 14. Na3 {[%clk 00:02:55]} {[%emt 00:00:08]}
Na5 {[%clk 00:02:44]} {[%emt 00:00:19]} 15. Qe2 {[%clk 00:02:43]} {[%emt
00:00:13]} Qc7 {[%clk 00:02:37]} {[%emt 00:00:10]} 16. Rad1 {[%clk 00:02:36]}
{[%emt 00:00:10]} Rad8 {[%clk 00:02:37]} {[%emt 00:00:02]} 17. Bf2 {[%clk
00:02:29]} {[%emt 00:00:09]} h6 {[%clk 00:02:23]} {[%emt 00:00:17]} 18. Nc4
{[%clk 00:02:10]} {[%emt 00:00:19]} Nxc4 {[%clk 00:02:23]} {[%emt 00:00:03]} 19.
Qxc4 {[%clk 00:02:11]} {[%emt 00:00:01]} Qc6 {[%clk 00:02:07]} {[%emt
00:00:19]} 20. a4 {[%clk 00:01:53]} {[%emt 00:00:19]} a6 {[%clk 00:02:03]}
{[%emt 00:00:05]} 21. Kh2 {[%clk 00:01:42]} {[%emt 00:00:14]} Ba7 {[%clk
00:02:03]} {[%emt 00:00:01]} 22. a5 {[%clk 00:01:26]} {[%emt 00:00:18]} b5
{[%clk 00:01:39]} {[%emt 00:00:28]} 23. axb6 {[%clk 00:01:24]} {[%emt
00:00:03]} Qxb6 {[%clk 00:01:40]} {[%emt 00:00:01]} 24. b4 {[%clk 00:01:22]}
{[%emt 00:00:04]} Qc6 {[%clk 00:01:34]} {[%emt 00:00:08]} 25. bxc5 {[%clk
00:00:56]} {[%emt 00:00:29]} Rd7 {[%clk 00:01:23]} {[%emt 00:00:12]} 26. Rxd7
{[%clk 00:00:40]} {[%emt 00:00:17]} Nxd7 {[%clk 00:01:24]} {[%emt 00:00:01]} 27.
Ra1 {[%clk 00:00:40]} {[%emt 00:00:02]} Nb8 {[%clk 00:01:06]} {[%emt 00:00:20]}
28. Qd5 {[%clk 00:00:30]} {[%emt 00:00:10]} Rc8 {[%clk 00:01:06]} {[%emt
00:00:04]} 29. c4 {[%clk 00:00:17]} {[%emt 00:00:15]} Bxc5 {[%clk 00:01:03]}
{[%emt 00:00:05]} 30. Bxc5 {[%clk 00:00:15]} {[%emt 00:00:04]} Qxc5 {[%clk
00:01:00]} {[%emt 00:00:05]} 31. Rc1 {[%clk 00:00:14]} {[%emt 00:00:02]} a5
{[%clk 00:00:52]} {[%emt 00:00:12]} 32. Rc2 {[%clk 00:00:12]} {[%emt 00:00:03]}
Na6 {[%clk 00:00:52]} {[%emt 00:00:02]} 33. Qb7 {[%clk 00:00:12]} {[%emt
00:00:01]} Nb4 {[%clk 00:00:50]} {[%emt 00:00:06]} 34. Rg2 {[%clk 00:00:06]}
{[%emt 00:00:08]} Qxc4 {[%clk 00:00:38]} {[%emt 00:00:15]} 35. Bh5 {[%clk
00:00:07]} Rc7 {[%clk 00:00:37]} {[%emt 00:00:03]} 36. Qb8+ {[%clk 00:00:07]}
{[%emt 00:00:02]} Kh7 {[%clk 00:00:38]} 37. f6 {[%clk 00:00:06]} {[%emt
00:00:03]} Rc8 {[%clk 00:00:23]} {[%emt 00:00:17]} 38. Qb6 {[%clk 00:00:04]}
{[%emt 00:00:02]} Rc6 {[%clk 00:00:20]} {[%emt 00:00:05]} 39. Qxa5 {[%clk
00:00:05]} {[%emt 00:00:02]} Rxf6 {[%clk 00:00:21]} {[%emt 00:00:01]} 40. Qa7
{[%clk 00:00:03]} {[%emt 00:00:04]} Qxe4 {[%clk 00:00:15]} {[%emt 00:00:08]} 41.
Qb8 {[%clk 00:00:04]} Nc6 {[%clk 00:00:13]} {[%emt 00:00:04]} 42. Qc7 {[%clk
00:00:05]} Nd4 {[%clk 00:00:09]} {[%emt 00:00:05]} 43. Bxf7 {[%clk 00:00:05]}
{[%emt 00:00:03]} Nf3+ {[%clk 00:00:06]} {[%emt 00:00:05]} 44. Kh1 {[%clk
00:00:04]} {[%emt 00:00:03]} Qe1+ {[%clk 00:00:06]} {[%emt 00:00:01]} 0-1

[Event "Turniej Blitza na II Lidze Juniorów 2018"]
[Site "Szczyrk, Poland"]
[Date "????.??.??"]
[Round "7.33"]
[White "Chmiel, Pawel"]
[Black "Gredka, Dominika"]
[Result "1-0"]
[TimeControl "3'+2\""]
[WhiteElo "1366"]
[BlackElo "1782"]

1. e4 {[%clk 00:03:03]} c5 {[%clk 00:03:03]} {[%emt 00:00:02]} 2. Nf3 {[%clk
00:03:04]} d6 {[%clk 00:03:04]} 3. d4 {[%clk 00:03:05]} {[%emt 00:00:02]} cxd4
{[%emt 00:00:01]} 4. Nxd4 {[%clk 00:03:06]} Nf6 {[%clk 00:03:07]} {[%emt
00:00:01]} 5. Nc3 {[%clk 00:03:08]} a6 {[%clk 00:03:08]} {[%emt 00:00:02]} 6.
f3 {[%clk 00:03:07]} e5 {[%clk 00:03:09]} {[%emt 00:00:03]} 7. Nb3 {[%clk
00:03:07]} Be6 {[%clk 00:03:10]} {[%emt 00:00:02]} 8. Be3 {[%emt 00:00:03]} Be7
9. Nd5 {[%clk 00:02:59]} {[%emt 00:00:10]} Bxd5 {[%clk 00:03:07]} {[%emt
00:00:07]} 10. exd5 {[%clk 00:03:00]} {[%emt 00:00:01]} O-O {[%clk 00:03:07]}
{[%emt 00:00:02]} 11. Bd3 {[%clk 00:02:54]} {[%emt 00:00:07]} b5 {[%clk
00:03:08]} {[%emt 00:00:02]} 12. O-O {[%clk 00:02:55]} {[%emt 00:00:01]} Nbd7
{[%clk 00:03:09]} {[%emt 00:00:01]} 13. c4 {[%clk 00:02:30]} {[%emt 00:00:27]}
bxc4 {[%clk 00:03:07]} {[%emt 00:00:04]} 14. Bxc4 {[%clk 00:02:31]} Nb6 {[%clk
00:03:08]} {[%emt 00:00:01]} 15. Rc1 {[%clk 00:02:21]} {[%emt 00:00:12]} Nxc4
{[%clk 00:02:52]} {[%emt 00:00:18]} 16. Rxc4 {[%clk 00:02:22]} {[%emt
00:00:02]} Rc8 {[%clk 00:02:53]} 17. Rxc8 {[%clk 00:02:19]} {[%emt 00:00:05]}
Qxc8 {[%clk 00:02:54]} {[%emt 00:00:01]} 18. Qd3 {[%clk 00:02:19]} {[%emt
00:00:02]} Qb7 {[%clk 00:02:52]} {[%emt 00:00:04]} 19. Bg5 {[%clk 00:02:13]}
{[%emt 00:00:08]} Nxd5 {[%clk 00:02:32]} {[%emt 00:00:22]} 20. Bxe7 {[%clk
00:02:13]} {[%emt 00:00:02]} Qb6+ {[%clk 00:02:33]} 21. Kh1 {[%clk 00:02:12]}
{[%emt 00:00:04]} Nxe7 {[%clk 00:02:34]} {[%emt 00:00:01]} 22. Rc1 {[%clk
00:02:05]} {[%emt 00:00:08]} h6 {[%clk 00:02:14]} {[%emt 00:00:22]} 23. Qe2
{[%clk 00:02:02]} {[%emt 00:00:05]} Nf5 {[%clk 00:02:02]} {[%emt 00:00:14]} 24.
Qd3 {[%clk 00:01:48]} {[%emt 00:00:16]} Ne7 {[%clk 00:01:34]} {[%emt 00:00:30]}
25. Qe2 {[%clk 00:01:49]} a5 {[%clk 00:01:17]} {[%emt 00:00:19]} 26. Qc4 {[%clk
00:01:14]} {[%emt 00:00:36]} Rc8 {[%clk 00:01:13]} {[%emt 00:00:07]} 27. Qf1
{[%clk 00:01:09]} {[%emt 00:00:07]} Rxc1 {[%clk 00:01:08]} {[%emt 00:00:07]} 28.
Qxc1 {[%clk 00:01:10]} a4 {[%clk 00:01:05]} {[%emt 00:00:04]} 29. Nd2 {[%clk
00:01:11]} {[%emt 00:00:01]} d5 {[%clk 00:01:01]} {[%emt 00:00:07]} 30. h3
{[%clk 00:01:04]} {[%emt 00:00:09]} f6 {[%clk 00:00:52]} {[%emt 00:00:11]} 31.
Qc2 {[%clk 00:01:05]} Qa7 {[%clk 00:00:47]} {[%emt 00:00:07]} 32. b3 {[%clk
00:00:50]} {[%emt 00:00:17]} axb3 {[%clk 00:00:47]} {[%emt 00:00:01]} 33. Nxb3
{[%clk 00:00:50]} {[%emt 00:00:03]} Qb6 {[%clk 00:00:32]} {[%emt 00:00:17]} 34.
Nc5 {[%clk 00:00:42]} {[%emt 00:00:10]} Qc6 {[%clk 00:00:22]} {[%emt 00:00:11]}
35. Qc3 {[%clk 00:00:40]} {[%emt 00:00:04]} Nf5 {[%clk 00:00:08]} {[%emt
00:00:17]} 36. Qb4 {[%clk 00:00:40]} {[%emt 00:00:02]} Nd4 {[%clk 00:03:02]}
{[%emt 00:00:07]} 1-0